Online Catalogue and eLibrary

A case for aid : (Record no. 2563)

MARC details
000 -LEADER
fixed length control field 00426nam a2200157Ia 4500
005 - DATE AND TIME OF LATEST TRANSACTION
control field 20240402072913.0
008 - FIXED-LENGTH DATA ELEMENTS--GENERAL INFORMATION
fixed length control field 240331s9999 xx 000 0 und d
020 ## - INTERNATIONAL STANDARD BOOK NUMBER
ISBN 0821351621
082 ## - DDC Classification
Item Number - Author Mark CAS
Class No. 330
100 ## - MAIN ENTRY--PERSONAL NAME
Personal name The Wolrld bank
245 #2 - TITLE STATEMENT
Title A case for aid :
Remainder of title building consensus for developmentassistance
260 ## - PUBLICATION, DISTRIBUTION, ETC.
Place of publication, distribution, etc. Washinton :
Name of publisher, distributor, etc. The world Bank /
Date of publication, distribution, etc. 2002.
300 ## - PHYSICAL DESCRIPTION
Extent (e.g. Volumes, Pages etc.) ix, 215 p.,
650 ## - SUBJECT ADDED ENTRY--TOPICAL TERM
Topical term or geographic name entry element Development.
942 ## - Koha item type (Biblio)
Koha item type Books in Stacks (Lending)
Holdings
Lost status Damaged status Collection code Home library Current library Shelving location Date acquired Full call number Accession Number Item type
    Lending WERC Library WERC Library Social Science Cupboard 03/31/2024 338.91 CAS 5722 Books in Stacks (Lending)

© WERC Library